Bollywood Actors / Actresses by Picture - Statistics

General Stats
  • This quiz has been taken 1,821 times
  • The average score is 11 of 16
Answer Stats
Picture Answer % Correct
Shah Rukh Khan
99%
Aishwarya Rai Bachchan
94%
Amitabh Bachchan
88%
Kareena Kapoor Khan
87%
Priyanka Chopra Jonas
85%
Akshay Kumar
82%
Anil Kapoor
77%
Sridevi
73%
Preity Zinta
70%
Irrfan Khan
69%
Sidharth Malhotra
68%
Rishi Kapoor
67%
Anupam Kher
63%
Manisha Koirala
42%
Madhubala
35%
Shabana Azmi
27%
No matching quizzes found
Score Distribution
Percent of People with Each Score
Percentile by Number Answered
Your Score History
You have not taken this quiz